Deutsches Literatur-Lexikon biographisch-bibliographisches Handbuch : Register Teil I Namen M-Z
| Main Author: | |
|---|---|
| Format: | Book |
| Language: | German |
| PhysicalDescription: | strany 711-1397 25 cm |
| Published: |
Berlin Boston
de Gruyter
[2023]
|
| ISBN: | 9783110760989 9783110772289 9783110772463 |
| Edition: | Dritte, völlig neu bearbeitete Auflage |
| Subjects: |
MARC
| LEADER | 00000cam a2200000 4500 | ||
|---|---|---|---|
| 001 | vtls012236937 | ||
| 003 | SK-MaSNL | ||
| 005 | 20260301210417.0 | ||
| 008 | 230814s2023 gw frbdin 001 0 ger | ||
| 020 | |a 9783110760989 |q (Register, Teil I, Names M-Z ; |q viazané) | ||
| 020 | |a 9783110772289 |q (PDF) | ||
| 020 | |a 9783110772463 |q (EPUB) | ||
| 040 | |a SNK |b slo |c SNK |e rda | ||
| 041 | 0 | |a ger | |
| 044 | |a gw |c DE |a xxu |c US | ||
| 072 | 7 | |a 821.112.2 |x Nemecká literatúra, nemecky písaná |2 konspekt | |
| 080 | |a 821.112.2 |2 2011 | ||
| 080 | |a 82-95 |2 2011 | ||
| 080 | |a 821.112.2-051 |2 2001 | ||
| 080 | |a (035) |2 2011 | ||
| 080 | |a (031)929 |2 2011 | ||
| 100 | 1 | |a Kosch, Wilhelm, |d 1879-1960 |4 aut |9 86620 | |
| 245 | 1 | 0 | |a Deutsches Literatur-Lexikon |b biographisch-bibliographisches Handbuch : Register |n Teil I |p Namen M-Z |c begründet von Wilhelm Kosch ; wissenschaftlicher Beirat: Wolfgang Achnitz, Lutz Hagestedt, Mario Müller, Claus-Michael Ort, Reimund B. Sdzuj |
| 246 | 3 | 0 | |a Biographisch-bibliographisches Handbuch |
| 246 | 3 | 0 | |a Namen M-Z |
| 250 | |a Dritte, völlig neu bearbeitete Auflage | ||
| 264 | 1 | |a Berlin |a Boston |b de Gruyter |c [2023] | |
| 264 | 4 | |c ©2023 | |
| 300 | |a strany 711-1397 |c 25 cm | ||
| 336 | |a text |b txt |2 rdacontent | ||
| 337 | |a bez média |b n |2 rdamedia | ||
| 338 | |a zväzok |b nc |2 rdacarrier | ||
| 650 | 0 | 7 | |a nemecky písaná literatúra |2 SNKPH |9 63942 |
| 650 | 0 | 7 | |a nemecky píšuci spisovatelia |2 SNKPH |9 73955 |
| 650 | 0 | 7 | |a Literature in German |2 SNKPHeng |9 298417 |
| 650 | 0 | 7 | |a Authors writing in German |2 SNKPHeng |9 298418 |
| 655 | 7 | |a príručky |2 SNKPH |9 74364 | |
| 655 | 7 | |a biografické slovníky |2 SNKPH |9 51960 | |
| 655 | 7 | |a registre |2 SNKPH |9 70556 | |
| 655 | 7 | |a Handbooks, manuals, etc. |2 SNKPHeng |9 90964 | |
| 655 | 7 | |a Biographical dictionaries |2 SNKPHeng |9 278210 | |
| 655 | 7 | |a Indexes |2 SNKPHeng |9 313156 | |
| 700 | 1 | |a Achnitz, Wolfgang |4 oth |9 422098 | |
| 700 | 1 | |a Hagestedt, Lutz, |d 1960- |4 oth |9 195585 | |
| 700 | 1 | |a Müller, Mario |4 oth |9 422095 | |
| 700 | 1 | |a Ort, Claus-Michael |4 oth |9 422096 | |
| 700 | 1 | |a Sdzuj, Reimund B. |4 oth |9 422097 | |
| 852 | |a Slovenská národná knižnica | ||
| 919 | |a 978-3-11-076098-9 | ||
| 919 | |a 978-3-11-077228-9 | ||
| 919 | |a 978-3-11-077246-3 | ||
| 954 | |a odborná, vedecká literatúra cudzojazyčná (svetová) |2 lita | ||
| 958 | |a DE | ||
| 958 | |a LX | ||
| 999 | |c 913528 |d 915458 | ||
| 952 | |t snkDEU/register/1/M-Z/ 830(031) |a SNKUST |b SNKUST |y PREZ |7 0 |p 17A1530738 |o snkIC 79783/register/1/M-Z |i snk2024/13360 |8 4 |g 310.84 |0 0 |1 0 |4 0 |d 2023-08-14 |l 0 |r 2026-02-24 07:50:53 |w 2026-02-24 | ||


